Spider-Man: Homecoming (2017): Characters by Picture - Statistics

General Stats
  • This quiz has been taken 82 times
  • The average score is 13 of 25
Answer Stats
Picture Answer % Correct
Iron Man
100%
Spider-Man
98%
May Parker
91%
Michelle Jones
86%
Vulture
85%
Ned Leeds
83%
Captain America
82%
Flash Thompson
79%
Happy Hogan
77%
Stan Lee
76%
Pepper Potts
73%
Liz Allan
52%
Prowler
50%
Shocker II
47%
Mac Gargan
45%
Betty Brant
41%
Shocker I
38%
Tinkerer
29%
Roger Harrington
24%
Jason Ionello
17%
Andre Wilson
14%
Cindy Moon
12%
Abe Brown
9%
Charles Murphy
8%
Sally Avril
6%
No matching quizzes found
Score Distribution
Percent of People with Each Score
Percentile by Number Answered
Your Score History
You have not taken this quiz